000 00973cam a22003137a 4500
003 CHAP
005 20220817041928.0
008 971013c19731948 r 00010 d
010 _a29022
011 _a29994
035 _a34105
040 _cCHAP
082 _a080
_bS4 v.65
100 0 0 _aLenz, Hanz.
_966046
245 1 3 _aEl papel indígena mexicano
260 _aMéxico :
_bSecretaría de Educación Pública,
_c1973 (c.1948)
300 _a186 p.
_b: ilus. ; láms. ; mapa
490 0 _aSEP. Setentas
_v; 65
590 _aBATCH-UPD
_b10
_c20130110
_lUCH01
_h1742
590 _aBATCH-UPD
_b10
_c20130410
_lUCH01
_h1121
590 _aBATCH-UPD
_b10
_c20130914
_lUCH01
_h1423
590 _aCONVERSION
_b10
_c20130109
_lUCH01
_h1317
650 1 4 _aFolklore indígena.
_942018
650 1 4 _aPapel
_xFabricación y comercio.
_985372
830 0 _aSEP. Setentas
_v; 65
901 _aBK
942 _cLIBRO
949 _a080 S4 v.65
_bBC
_cLIBRO
_d-79081
_eLIBRO
_h24028
_i34105
_mD
_si
999 _c29022
_d29022